[Event "Sibenik"]
[Site "?"]
[Date "2006.09.23"]
[Round "2.6"]
[White "Hracek Zbynek"]
[Black "Gyimesi Zoltan"]
[Result "1/2-1/2"]
[WhiteElo "2605"]
[BlackElo "2616"]
[PlyCount "61"]
[EventDate "2006.??.??"]
[Source "www.chesslib.no"]
[SourceDate "2004.05.04"]

1. e4 c6 2. d4 d5 3. Nc3 dxe4 4. Nxe4 Bf5 5. Ng3 Bg6 6. Nf3 Nd7 7. Bd3 e6 8. O-O Ngf6 9. b3 Bd6 10. c4 Qc7 11. Bb2 O-O 12. Bxg6 hxg6 13. Qe2 Rfe8 14. Rfe1 Rad8 15. Rad1 a6 16. Ne4 Nxe4 17. Qxe4 Nf6 18. Qc2 c5 19. d5 exd5 20. Rxe8+ Rxe8 21. Bxf6 gxf6 22. Rxd5 Rd8 23. Qd3 Be7 24. Rxd8+ Qxd8 25. Qxd8+ Bxd8 26. g4 Kg7 27. Kf1 Bc7 28. h3 g5 29. Nd2 b6 30. Ke2 f5 31. Kd3 1/2-1/2

[Event "It (Open) Dos Hermanas ESP"]
[Site "?"]
[Date "2006.03.24"]
[Round "2"]
[White "Savchenko Boris"]
[Black "Izoria Zviad"]
[Result "1/2-1/2"]
[WhiteElo "2569"]
[BlackElo "2652"]
[PlyCount "171"]
[EventDate "2006.??.??"]
[Source "www.chesslib.no"]
[SourceDate "2004.05.04"]

1. e4 c6 2. d4 d5 3. Nc3 dxe4 4. Nxe4 Bf5 5. Ng3 Bg6 6. Bc4 e6 7. Nf3 Nf6 8. Qe2 Nbd7 9. O-O Be7 10. a4 O-O 11. c3 Qc7 12. Nh4 c5 13. Be3 cxd4 14. Bxd4 Bc5 15. Rfd1 Rfd8 16. a5 Bxd4 17. Rxd4 Ne5 18. Nxg6 hxg6 19. Ra4 Rxd4 20. cxd4 Nc6 21. Qd2 Rd8 22. Bb5 a6 23. Bxc6 Qxc6 24. Ra3 Ne4 25. Nxe4 Qxe4 26. Rd3 Qd5 27. f4 Qc4 28. Kf2 Rd5 29. b4 Rb5 30. Rc3 Qxb4 31. Rc8+ Kh7 32. Qxb4 Rxb4 33. Ke3 Rb5 34. Rc7 f6 35. g4 g5 36. fxg5 Rxg5 37. h3 Rxa5 38. Rxb7 Kg6 39. Rb6 e5 40. dxe5 Rxe5+ 41. Kf4 Ra5 42. h4 Ra4+ 43. Kf3 Ra3+ 44. Kf4 Ra4+ 45. Kf3 Ra1 46. Kf4 a5 47. Ra6 a4 48. h5+ Kh6 49. Ra8 Kh7 50. Ra5 a3 51. Kg3 a2 52. Kg2 Kg8 53. Ra7 Kf8 54. Kh2 Ke8 55. Kg2 Kd8 56. Kh2 Kc8 57. Kg2 Kb8 58. Ra6 Kb7 59. Ra3 Kb6 60. Ra8 Kc5 61. Ra4 Kb5 62. Ra8 Kb4 63. Ra7 Kb3 64. Rb7+ Kc4 65. Ra7 Kd3 66. Ra6 Ke4 67. Ra5 Kf4 68. Ra4+ Kg5 69. Kh2 Kh4 70. Kg2 Rb1 71. Rxa2 Rb4 72. Kf3 Rxg4 73. Rh2+ Kg5 74. h6 Rf4+ 75. Kg3 Rg4+ 76. Kf3 gxh6 77. Rxh6 Ra4 78. Rh8 Ra3+ 79. Kf2 f5 80. Rb8 Kg4 81. Rb2 f4 82. Kg2 Rf3 83. Rb8 Rg3+ 84. Kf2 Rf3+ 85. Kg2 Rd3 86. Rg8+ 1/2-1/2

[Event "Deutschland"]
[Site "?"]
[Date "2003.??.??"]
[Round "?"]
[White "Volokitin, And"]
[Black "Khenkin, I."]
[Result "1-0"]
[WhiteElo "2594"]
[BlackElo "2627"]
[PlyCount "59"]
[EventDate "2003.??.??"]
[Source "Chess Informant"]
[SourceDate "2003.10.01"]

1. e4 c6 2. d4 d5 3. Nc3 dxe4 4. Nxe4 Bf5 5. Ng3 Bg6 6. N1e2 e6 7. h4 h6 8. Nf4 Bh7 9. Bd3 Qxd4 10. Be3 Qd6 11. Nxe6 Qxe6 12. Bxh7 Rxh7 13. Qd3 Nf6 14. O-O-O Nbd7 15. Bd4 O-O-O 16. Bxf6 Qxf6 17. Qxh7 Ba3 18. c3 g6 19. Kb1 Rh8 20. Ne4 Qe5 21. Qxf7 Qxe4+ 22. Ka1 Qe7 23. Qxg6 Bc5 24. Rhe1 Qf6 25. Qg4 Qf7 26. Re5 Bb6 27. h5 Kc7 28. Rf5 Qe6 29. Qg6 Qe2 30. Qd6+ 1-0

[Event "Corr"]
[Site "?"]
[Date "1998.02.01"]
[Round "?"]
[White "Veinger Itzhak"]
[Black "Rause Mrs. Olita (LAT)"]
[Result "0-1"]
[WhiteElo "2605"]
[BlackElo "2615"]
[PlyCount "50"]
[EventDate "1998.??.??"]
[Source "www.chesslib.no"]
[SourceDate "2004.05.04"]

1. e4 c6 2. d4 d5 3. Nd2 dxe4 4. Nxe4 Bf5 5. Ng3 Bg6 6. Nf3 Nf6 7. h4 h6 8. h5 Bh7 9. Bd3 Bxd3 10. Qxd3 e6 11. Bd2 Be7 12. O-O-O O-O 13. Ne5 c5 14. dxc5 Qc7 15. Qe2 Rc8 16. Bc3 Na6 17. c6 Nb4 18. Bxb4 Bxb4 19. Rh4 Be7 20. Rhd4 Nd5 21. c4 Bf6 22. cxd5 Bxe5 23. Rc4 exd5 24. Rxd5 Bf4+ 25. Kb1 bxc6 0-1

[Event "NED"]
[Site "NED"]
[Date "1979.??.??"]
[Round "?"]
[White "Timman, Jan Hein"]
[Black "Huebner, Robert"]
[Result "0-1"]
[WhiteElo "2625"]
[BlackElo "2595"]
[PlyCount "88"]
[EventDate "1979.??.??"]
[Source "www.chesslib.no"]
[SourceDate "2004.05.04"]

1. e4 c6 2. d4 d5 3. Nd2 dxe4 4. Nxe4 Bf5 5. Ng3 Bg6 6. h4 h6 7. f4 e6 8. h5 Bh7 9. Nf3 Nd7 10. Bd3 Bxd3 11. Qxd3 Ngf6 12. Ne5 c5 13. Be3 Qa5+ 14. c3 Rd8 15. O-O cxd4 16. Bxd4 Bc5 17. b4 Bxd4+ 18. Qxd4 Qc7 19. Rf3 Nxe5 20. Qxe5 Qb6+ 21. Kh1 O-O 22. Ne4 Ng4 23. Qc5 Rd5 24. Qxb6 axb6 25. Rg3 f5 26. Kg1 Rfd8 27. Nf2 Nf6 28. Rh3 Rd2 29. a4 Rc2 30. Rf1 Rdd2 31. a5 b5 32. Re3 Ne4 33. Rf3 Nxc3 34. g4 Ne2+ 35. Kg2 fxg4 36. Nxg4 Nxf4+ 37. Kg3 e5 38. Nxe5 Nxh5+ 39. Kg4 Nf6+ 40. Kf5 Rd5 41. Ke6 Re2 42. Rf5 Rd8 43. Rg1 Nd5 44. Rf7 Rxe5+ 0-1

[Event "Ch France (team) 2007"]
[Site "France"]
[Date "2007.05.31"]
[Round "8"]
[White "Nataf Igor-Alexandre (FRA)"]
[Black "Riazantsev Alexander (RUS)"]
[Result "1/2-1/2"]
[WhiteElo "2596"]
[BlackElo "2621"]
[PlyCount "54"]
[EventDate "2007.??.??"]
[Source "www.chesslib.no"]
[SourceDate "2004.05.04"]

1. e4 c6 2. d4 d5 3. Nd2 dxe4 4. Nxe4 Bf5 5. Ng3 Bg6 6. Nh3 e6 7. Nf4 Qc7 8. h4 Bd6 9. Nxg6 hxg6 10. Ne4 Nf6 11. Qf3 Nxe4 12. Qxe4 Nd7 13. Bd2 Nf6 14. Qf3 e5 15. dxe5 Bxe5 16. O-O-O O-O-O 17. g3 Rhe8 18. Bh3+ Kb8 19. Bg5 Rxd1+ 20. Rxd1 Ne4 21. Qxe4 Bxb2+ 22. Kxb2 Qb6+ 23. Kc1 Rxe4 24. Rd8+ Kc7 25. Rd7+ Kb8 26. Rd8+ Kc7 27. Rd7+ Kb8 1/2-1/2

[Event "5. Mario Covas"]
[Site "?"]
[Date "2005.09.27"]
[Round "2"]
[White "Felgaer Ruben"]
[Black "Leitao Rafael"]
[Result "1/2-1/2"]
[WhiteElo "2618"]
[BlackElo "2598"]
[PlyCount "27"]
[EventDate "2005.??.??"]
[Source "www.chesslib.no"]
[SourceDate "2004.05.04"]

1. e4 c6 2. d4 d5 3. Nd2 dxe4 4. Nxe4 Bf5 5. Nc5 b6 6. Nb3 e6 7. Nf3 Nf6 8. g3 Bd6 9. Bg2 O-O 10. O-O Nbd7 11. Re1 Qc7 12. a4 Rac8 13. Nbd2 c5 14. Nc4 1/2-1/2

[Event "NED-GER"]
[Site "Venlo"]
[Date "2000.08.25"]
[Round "2"]
[White "Tiviakov, Sergei"]
[Black "Dautov, Rustem"]
[Result "1/2-1/2"]
[WhiteElo "2608"]
[BlackElo "2606"]
[PlyCount "48"]
[EventDate "2000.08.24"]
[Source "ChessBase"]
[SourceDate "2000.11.21"]

1. e4 c6 2. d4 d5 3. Nd2 dxe4 4. Nxe4 Bf5 5. Ng3 Bg6 6. Bc4 e6 7. N1e2 Nf6 8. Nf4 Bd6 9. c3 Qc7 10. Qf3 Nbd7 11. O-O O-O 12. Nxg6 hxg6 13. Bb3 a5 14. Bg5 a4 15. Bc2 c5 16. dxc5 Qxc5 17. Rad1 Qxg5 18. Rxd6 Qb5 19. Rb1 Nc5 20. Rd4 Rfd8 21. Qd1 Qb6 22. h4 Rxd4 23. Qxd4 Rd8 24. Qe3 Qc6 1/2-1/2

[Event " Bundesliga 2004/2005"]
[Site "Germany"]
[Date "2004.11.27"]
[Round "3.3"]
[White "Pelletier, Yannick"]
[Black "Dautov, Rustem"]
[Result "1/2-1/2"]
[WhiteElo "2589"]
[BlackElo "2623"]
[PlyCount "63"]
[EventDate "2005.11.11"]
[Source "Roberto Alvarez"]
[SourceDate "2004.12.06"]

1. e4 c6 2. d4 d5 3. Nc3 dxe4 4. Nxe4 Bf5 5. Ng3 Bg6 6. Bc4 Nf6 7. Nf3 Nbd7 8. O-O e6 9. Re1 Qc7 10. Nh4 Bd6 11. c3 Bf4 12. Qf3 Bxc1 13. Raxc1 O-O 14. Nxg6 hxg6 15. h4 a5 16. h5 g5 17. Ne4 Qf4 18. Qxf4 gxf4 19. Nxf6+ Nxf6 20. Re5 Kh7 21. Be2 Kh6 22. Kh2 Rh8 23. Re1 a4 24. g3 fxg3+ 25. fxg3 Nh7 26. g4 Ng5 27. Kg3 f6 28. Re3 b5 29. a3 Rad8 30. Bd3 Rd6 31. Bb1 Rc8 32. Ba2 1/2-1/2

[Event "Sibenik"]
[Site "?"]
[Date "2006.10.02"]
[Round "11.6"]
[White "Jovanovic Zoran"]
[Black "Dreev Alexey"]
[Result "1/2-1/2"]
[WhiteElo "2543"]
[BlackElo "2666"]
[PlyCount "72"]
[EventDate "2006.??.??"]
[Source "www.chesslib.no"]
[SourceDate "2004.05.04"]

1. e4 c6 2. d4 d5 3. Nd2 dxe4 4. Nxe4 Bf5 5. Nc5 Nd7 6. Nxb7 Qc7 7. Nc5 Nxc5 8. dxc5 e6 9. Bd3 Rd8 10. Be3 Nf6 11. Nf3 Be7 12. O-O e5 13. Nd2 e4 14. Be2 Nd5 15. Bd4 Nf4 16. c3 Ne6 17. Nb3 Nxc5 18. Nxc5 Bxc5 19. Qa4 Bxd4 20. cxd4 O-O 21. Rac1 Qb6 22. Rfd1 Qxb2 23. Rc2 Qb8 24. Rc5 Bd7 25. Qa3 Qb6 26. Ra5 Ra8 27. Ra6 Qb7 28. Bc4 Bg4 29. Re1 Rfd8 30. Qc5 Be6 31. Rxc6 Bxc4 32. Qxc4 Rxd4 33. Qxd4 Qxc6 34. Qxe4 Qxe4 35. Rxe4 Kf8 36. Kf1 Rc8 1/2-1/2

[Event "Mondariz zt 1.1"]
[Site "Mondariz"]
[Date "2000.09.11"]
[Round "8"]
[White "Tiviakov, Sergei"]
[Black "Dorfman, Josif D"]
[Result "1/2-1/2"]
[WhiteElo "2608"]
[BlackElo "2600"]
[PlyCount "61"]
[EventDate "2000.09.03"]
[Source "ChessBase"]
[SourceDate "2000.11.21"]

1. e4 c6 2. d4 d5 3. Nd2 dxe4 4. Nxe4 Bf5 5. Ng3 Bg6 6. Bc4 e6 7. N1e2 Nf6 8. Nf4 Bd6 9. c3 Nbd7 10. Qf3 Nb6 11. Bb3 Nbd5 12. Nxg6 hxg6 13. Bg5 Be7 14. Bd2 a5 15. Bc2 Qb6 16. O-O-O c5 17. dxc5 Qxc5 18. Ne4 Nxe4 19. Bxe4 Rd8 20. h3 b5 21. Bxd5 Qxd5 22. Qxd5 Rxd5 23. Be3 Rhh5 24. Rxd5 Rxd5 25. Rd1 a4 26. Rxd5 exd5 27. Kc2 g5 28. Kd3 Kd7 29. g4 g6 30. Kd4 Kd6 31. f3 1/2-1/2

[Event "56th ch-RUS"]
[Site "Krasnoyarsk"]
[Date "2003.09.12"]
[Round "9"]
[White "Grigoriants, Sergey"]
[Black "Dreev, Alexey"]
[Result "1/2-1/2"]
[WhiteElo "2499"]
[BlackElo "2698"]
[PlyCount "66"]
[EventDate "2003.09.03"]
[Source "Roberto Alvarez"]
[SourceDate "2003.09.15"]

1. e4 c6 2. d4 d5 3. Nd2 dxe4 4. Nxe4 Bf5 5. Ng3 Bg6 6. N1e2 e6 7. Nf4 Qh4 8. c3 Nd7 9. Nxg6 hxg6 10. Bd3 Ndf6 11. Qe2 Bd6 12. Ne4 Nxe4 13. Bxe4 O-O-O 14. g3 Qh5 15. Be3 Qxe2+ 16. Kxe2 Nf6 17. Bf3 Nd5 18. Bd2 Nb6 19. Rad1 e5 20. dxe5 Bxe5 21. Bc1 Rde8 22. Kf1 a5 23. Kg2 a4 24. Rhe1 a3 25. b3 Bxc3 26. Rxe8+ Rxe8 27. Bxa3 Nd7 28. h4 Be5 29. Bb4 Nf6 30. Ba5 Bc7 31. Bc3 Be5 32. Ba5 Bc7 33. Bc3 Be5 1/2-1/2

[Event "Dos Hermanas-A"]
[Site "Dos Hermanas"]
[Date "2003.04.05"]
[Round "9"]
[White "Campora, Daniel Hugo"]
[Black "Dreev, Alexey"]
[Result "0-1"]
[WhiteElo "2505"]
[BlackElo "2690"]
[PlyCount "194"]
[EventDate "2003.03.28"]
[Source "ChessBase"]
[SourceDate "2003.07.25"]

1. e4 c6 2. d4 d5 3. Nc3 dxe4 4. Nxe4 Bf5 5. Ng3 Bg6 6. Bc4 e6 7. N1e2 Bd6 8. Nf4 Bxf4 9. Bxf4 Nf6 10. O-O O-O 11. c3 Nbd7 12. Qe2 Re8 13. Rad1 a5 14. Rfe1 a4 15. Bd3 Bxd3 16. Qxd3 Qa5 17. c4 Qa6 18. Qc2 Rad8 19. h3 Nb6 20. b3 Nbd7 21. Rd2 Ra8 22. Nf1 Qb6 23. Bd6 axb3 24. axb3 c5 25. dxc5 Nxc5 26. Bxc5 Qxc5 27. Ne3 h5 28. Red1 Qb4 29. Qb1 b5 30. Rd4 Rab8 31. Qd3 bxc4 32. bxc4 Rec8 33. Rd6 Qc5 34. Qd4 Qxd4 35. R6xd4 Kf8 36. Kf1 Ke7 37. g4 Rc5 38. f4 hxg4 39. hxg4 g5 40. f5 Re5 41. Re1 Re4 42. Rxe4 Nxe4 43. fxe6 fxe6 44. Ke2 Kd6 45. Ra1 Rb2+ 46. Ke1 Kc5 47. Rd1 Rb3 48. Nf1 Kxc4 49. Rd8 Kc5 50. Rd7 Ra3 51. Rd8 Rh3 52. Rd7 Rb3 53. Rd8 Rb2 54. Ne3 Rh2 55. Rd7 Ra2 56. Rd8 Nf6 57. Rf8 Nd7 58. Rd8 Ne5 59. Kf1 Nf3 60. Nc2 Nh2+ 61. Kg1 Nf3+ 62. Kf1 e5 63. Ne3 e4 64. Rd5+ Kb4 65. Rd8 Rh2 66. Rd7 Kc3 67. Nd1+ Kc2 68. Ne3+ Kc1 69. Rd1+ Kb2 70. Rd7 Kb3 71. Rc7 Nd4 72. Rc8 Rh3 73. Nd5 Rf3+ 74. Kg2 Rd3 75. Kf2 Ne6 76. Ne3 Nf4 77. Re8 Nh3+ 78. Ke2 Nf4+ 79. Kf2 Rd2+ 80. Kf1 Rd4 81. Rc8 Ra4 82. Kf2 Ra2+ 83. Kf1 Nd3 84. Nd5 Rf2+ 85. Kg1 Rd2 86. Ne3 Re2 87. Nd5 Nf4 88. Ne7 e3 89. Nf5 Rg2+ 90. Kh1 e2 91. Nd4+ Kb4 92. Nc2+ Kb3 93. Nd4+ Kb4 94. Nc2+ Kb5 95. Nd4+ Kb6 96. Rc1 Rf2 97. Kg1 Nh3+ 0-1

[Event "It (Open) Dubai UAE"]
[Site "?"]
[Date "2006.04.26"]
[Round "4"]
[White "Sadvakasov Darmen"]
[Black "Gelashvili Tamaz"]
[Result "1/2-1/2"]
[WhiteElo "2619"]
[BlackElo "2576"]
[PlyCount "134"]
[EventDate "2006.??.??"]
[Source "www.chesslib.no"]
[SourceDate "2004.05.04"]

1. e4 c6 2. d4 d5 3. Nd2 dxe4 4. Nxe4 Bf5 5. Ng3 Bg6 6. Bc4 e6 7. N1e2 Bd6 8. h4 h6 9. Nf4 Bxf4 10. Bxf4 Nf6 11. Qd2 O-O 12. O-O-O Nbd7 13. h5 Bh7 14. Bd3 Bxd3 15. Qxd3 Qa5 16. Kb1 Rfd8 17. Ne4 Nxe4 18. Qxe4 Nf6 19. Qe2 Qb5 20. Qf3 Qf5 21. Rh4 Rd5 22. g4 Qe4 23. Qxe4 Nxe4 24. c4 Rd7 25. f3 Ng5 26. Bxg5 hxg5 27. Rh2 Rad8 28. Rhd2 Kh7 29. Kc2 g6 30. hxg6+ Kxg6 31. a4 Rh8 32. b4 a6 33. a5 Kf6 34. Re1 Rh3 35. Rd3 Rd8 36. Kc3 Rdh8 37. Rf1 Rg3 38. d5 cxd5 39. cxd5 Rc8+ 40. Kb3 Rd8 41. d6 e5 42. d7 Ke7 43. Rfd1 e4 44. Re1 Rxd7 45. Rxe4+ Kd8 46. Rde3 Kc7 47. Re8 Rh3 48. Rc3+ Kd6 49. Ka4 f6 50. b5 axb5+ 51. Kxb5 Rh1 52. Rd3+ Kc7 53. Rc3+ Kd6 54. Rb3 Rc1 55. Re4 Rc5+ 56. Kb4 Rc6 57. Rbe3 Kc7 58. Rc4 Rxc4+ 59. Kxc4 Kc6 60. Rb3 Rd6 61. Rc3 Rd5 62. Ra3 Kd6 63. a6 bxa6 64. Rxa6+ Ke5 65. Rxf6 Rd4+ 66. Kc5 Rf4 67. Rg6 Rxf3 1/2-1/2

[Event "Open"]
[Site "Andorra"]
[Date "2007.07.06"]
[Round "7.1"]
[White "Kogan, Artur"]
[Black "Khenkin, Igor"]
[Result "1/2-1/2"]
[WhiteElo "2566"]
[BlackElo "2629"]
[PlyCount "36"]
[EventDate "2007.06.30"]
[Source "www.chesslib.no"]
[SourceDate "2004.05.04"]

1. e4 c6 2. d4 d5 3. Nc3 dxe4 4. Nxe4 Bf5 5. Ng3 Bg6 6. Bc4 e6 7. N1e2 Bd6 8. h4 h6 9. Nf4 Bxf4 10. Bxf4 Nf6 11. c3 Nbd7 12. Qe2 O-O 13. h5 Bh7 14. O-O Nd5 15. Bxd5 cxd5 16. Qg4 Nf6 17. Qh4 Nd7 18. Qg4 Nf6 1/2-1/2

[Event "Bad Zwesten GER"]
[Site "?"]
[Date "2000.01.19"]
[Round "9"]
[White "Glek Igor V"]
[Black "Epishin Vladimir"]
[Result "1/2-1/2"]
[WhiteElo "2536"]
[BlackElo "2657"]
[PlyCount "61"]
[EventDate "2000.??.??"]
[Source "www.chesslib.no"]
[SourceDate "2004.05.04"]

1. e4 c6 2. d4 d5 3. Nc3 dxe4 4. Nxe4 Bf5 5. Ng3 Bg6 6. N1e2 e6 7. Nf4 Bd6 8. c3 Nf6 9. h4 O-O 10. Bc4 Qc7 11. Nxg6 hxg6 12. Qf3 c5 13. dxc5 Bxc5 14. Be2 Nbd7 15. Ne4 Nxe4 16. Qxe4 Rfd8 17. h5 Nf6 18. Qh4 gxh5 19. Bxh5 Kf8 20. Be2 Ke7 21. Qf4 Qb6 22. Qf3 Rd5 23. g4 Rad8 24. Kf1 Qc6 25. c4 Re5 26. Qxc6 bxc6 27. Bf4 Re4 28. Bg5 Re5 29. Bf4 Re4 30. Bg5 Re5 31. Bf4 1/2-1/2

[Event "Zuerich 74/143"]
[Site "?"]
[Date "1998.??.??"]
[Round "?"]
[White "Glek, Igor V"]
[Black "Tukmakov, Vladimir B"]
[Result "0-1"]
[WhiteElo "2580"]
[BlackElo "2605"]
[PlyCount "126"]
[Source "ChessBase"]
[SourceDate "1998.10.01"]

1. e4 c6 2. d4 d5 3. Nc3 dxe4 4. Nxe4 Bf5 5. Ng3 Bg6 6. Bc4 e6 7. N1e2 Bd6 8. h4 h6 9. Nf4 Bxf4 10. Bxf4 Nf6 11. h5 Bh7 12. Bb3 O-O 13. c4 c5 14. dxc5 Na6 15. O-O Nxc5 16. Qf3 Qd3 17. Bd1 Qxc4 18. Bxh6 Qd5 19. Be3 Rac8 20. h6 Rfd8 21. hxg7 Qxf3 22. Bxf3 Nd5 23. Bd4 Nd3 24. Rfd1 Rc4 25. Bxa7 Ra4 26. Be3 Nxb2 27. Rd2 Nc4 28. Rd4 Rda8 29. Bd1 Rxa2 30. Rxa2 Rxa2 31. Bh6 Nd6 32. Nh5 Ne8 33. Ba4 Bg6 34. Bxe8 Bxh5 35. Ba4 Kh7 36. Rh4 Nf6 37. Bg5 Kxg7 38. Bxf6+ Kxf6 39. Rxh5 Rxa4 40. Rb5 Ra7 41. f4 Ke7 42. f5 exf5 43. Kf2 Kd6 44. Rxf5 b6 45. Ke3 Rd7 46. Rf1 b5 47. Kd4 Ke6+ 48. Kc5 Rd5+ 49. Kb4 f5 50. Rf3 Ke5 51. Rg3 Kf4 52. Rg8 Rd3 53. Ra8 Rd4+ 54. Kc5 Re4 55. Kxb5 Kg3 56. Ra2 Rd4 57. Kc5 Rd1 58. Re2 f4 59. Kc4 Rg1 60. Kd3 Rxg2 61. Re8 f3 62. Rg8+ Kf2 63. Ra8 Rg7 0-1

[Event "Corr"]
[Site "?"]
[Date "1998.??.??"]
[Round "?"]
[White "Lukez Franko"]
[Black "Bachmann Andreas"]
[Result "1/2-1/2"]
[WhiteElo "2549"]
[BlackElo "2635"]
[PlyCount "103"]
[EventDate "1998.??.??"]
[Source "www.chesslib.no"]
[SourceDate "2004.05.04"]

1. e4 c6 2. d4 d5 3. Nd2 dxe4 4. Nxe4 Bf5 5. Nc5 b6 6. Nb3 e6 7. Nf3 Bd6 8. g3 h6 9. Bg2 Ne7 10. O-O Nd7 11. Nbd2 Rc8 12. Nc4 Bb8 13. b3 Nd5 14. Bb2 O-O 15. Qe2 b5 16. Nce5 c5 17. Qxb5 Bxe5 18. dxe5 Bxc2 19. Rfc1 Nb4 20. Ne1 Bf5 21. Rd1 Rc7 22. Bc3 Qe7 23. Bxb4 cxb4 24. f4 Rb8 25. Qa5 Qc5+ 26. Qxc5 Nxc5 27. Rac1 Na6 28. Bf1 Nc5 29. Rc4 a5 30. Rdc1 Rbc8 31. Nd3 Bxd3 32. Bxd3 Kf8 33. Kg2 Ke7 34. Kf3 f6 35. Ke3 f5 36. Be2 g5 37. fxg5 hxg5 38. h4 gxh4 39. Rxh4 Kf7 40. g4 Nd7 41. Rxc7 Rxc7 42. gxf5 exf5 43. Kf4 Kg7 44. Rh2 Rc5 45. Rg2+ Kf8 46. e6 Nb6 47. Bd3 Ke7 48. Bxf5 Nd5+ 49. Kf3 Nc7 50. Rg7+ Kf6 51. Rf7+ Ke5 52. e7 1/2-1/2

[Event "It (Open) Dos Hermanas ESP"]
[Site "?"]
[Date "2006.03.25"]
[Round "3"]
[White "Savchenko Boris"]
[Black "Jobava Baadur"]
[Result "0-1"]
[WhiteElo "2569"]
[BlackElo "2614"]
[PlyCount "176"]
[EventDate "2006.??.??"]
[Source "www.chesslib.no"]
[SourceDate "2004.05.04"]

1. e4 c6 2. d4 d5 3. Nc3 dxe4 4. Nxe4 Bf5 5. Ng3 Bg6 6. Nf3 Nd7 7. Bd3 Ngf6 8. O-O e6 9. Re1 Be7 10. Bf4 O-O 11. c3 c5 12. Bxg6 hxg6 13. Qe2 cxd4 14. Nxd4 Qb6 15. Rad1 Rfe8 16. Bc1 a6 17. h3 Rad8 18. Nb3 Qc7 19. Ne4 Nxe4 20. Qxe4 Nf6 21. Qf3 Rxd1 22. Rxd1 Rd8 23. Rxd8+ Qxd8 24. Qxb7 Qd1+ 25. Kh2 Bd6+ 26. g3 Qe2 27. Be3 Nh5 28. Nd4 Bxg3+ 29. Kg2 Qd3 30. Qa8+ Kh7 31. Qf3 Bd6 32. Qxf7 Qe4+ 33. Qf3 Qe5 34. Kf1 Nf6 35. a4 Ne4 36. Qg4 Nc5 37. a5 Qd5 38. Kg1 e5 39. Nf3 Be7 40. Bxc5 Qxc5 41. Qe4 Bf6 42. h4 Qxa5 43. h5 Qa1+ 44. Kg2 Qxb2 45. Qxg6+ Kg8 46. Qe8+ Kh7 47. Qg6+ Kg8 48. h6 Qb7 49. Kg3 e4 50. Nd4 Bxd4 51. cxd4 a5 52. d5 a4 53. d6 a3 54. Qe6+ Kh7 55. d7 Qc7+ 56. Kg4 a2 57. Qf5+ g6 58. Qf7+ Kxh6 59. Qf8+ Kh7 60. Qe7+ Kh6 61. Qf8+ Kh7 62. Qe7+ Kh6 63. d8=Q Qxd8 64. Qxd8 a1=Q 65. Qh4+ Kg7 66. Qe7+ Kh6 67. Qf8+ Qg7 68. Qf4+ Kh7 69. Qh2+ Qh6 70. Qc7+ Qg7 71. Qc8 Qf7 72. Kg5 Qe7+ 73. Kf4 Qf6+ 74. Kxe4 Qxf2 75. Qh3+ Kg7 76. Qd7+ Kh6 77. Qh3+ Kg5 78. Qh8 Qf4+ 79. Kd3 Kg4 80. Ke2 Qf3+ 81. Ke1 Qe3+ 82. Kf1 Qh3+ 83. Qxh3+ Kxh3 84. Kf2 g5 85. Kg1 Kg3 86. Kf1 g4 87. Kg1 Kh3 88. Kh1 g3 0-1

[Event "ch-Euro Blitz"]
[Site "Ajaccio FRA"]
[Date "2007.10.26"]
[Round "28"]
[White "Guliyev, N."]
[Black "Fridman, D2."]
[Result "1-0"]
[WhiteElo "2560"]
[BlackElo "2621"]
[PlyCount "105"]
[EventDate "2007.10.25"]
[Source "www.chesslib.no"]
[SourceDate "2004.05.04"]

1. e4 c6 2. d4 d5 3. Nc3 dxe4 4. Nxe4 Bf5 5. Ng3 Bg6 6. N1e2 e6 7. Nf4 Bd6 8. Bc4 Qc7 9. Nxg6 hxg6 10. Qf3 Nf6 11. c3 Nbd7 12. Bg5 O-O-O 13. O-O Rh7 14. Rfe1 Rdh8 15. h3 Nb6 16. Bb3 Nh5 17. Ne4 Bf4 18. Bxf4 Nxf4 19. Ng5 Rh4 20. Nxf7 Qxf7 21. Bxe6+ Qxe6 22. Rxe6 Nxe6 23. Qf7 Nf4 24. Re1 Nd7 25. g3 Nxh3+ 26. Kf1 Ng5 27. Qxg6 Rh1+ 28. Ke2 R1h5 29. Kd1 Nf6 30. Qxg7 Nge4 31. Rxe4 Nxe4 32. Qg4+ Kd8 33. Qxe4 Rh2 34. Qf4 Rh1+ 35. Kc2 Kc8 36. g4 Re8 37. Qf3 Rhe1 38. g5 Rg1 39. Qf5+ Kd8 40. g6 Re7 41. f4 Re2+ 42. Kd3 Reg2 43. Qf8+ Kc7 44. f5 b5 45. Ke3 Rg4 46. Qe7+ Kb6 47. Qc5+ Kb7 48. d5 R1g3+ 49. Kf2 cxd5 50. Qxb5+ Kc7 51. Qc5+ Kb8 52. Qd6+ Kc8 53. Qxg3 1-0

[Event "MK Cafe Cup-A"]
[Site "Koszalin"]
[Date "1999.08.11"]
[Round "8"]
[White "Hracek, Zbynek"]
[Black "Tukmakov, Vladimir B"]
[Result "1-0"]
[WhiteElo "2625"]
[BlackElo "2555"]
[PlyCount "57"]
[EventDate "1999.08.03"]
[Source "ChessBase"]
[SourceDate "1999.12.01"]

1. e4 c6 2. d4 d5 3. Nc3 dxe4 4. Nxe4 Bf5 5. Ng3 Bg6 6. Bc4 e6 7. N1e2 Bd6 8. Nf4 Nf6 9. Bb3 a5 10. a4 Nd5 11. Nxg6 hxg6 12. Ne4 Be7 13. O-O Nd7 14. Qf3 N7f6 15. Ng5 Qc7 16. g3 O-O 17. c3 c5 18. dxc5 Bxc5 19. Kg2 Rad8 20. h4 Rfe8 21. Rd1 Ba7 22. Bc2 Qc6 23. Ne4 Nb4 24. Nxf6+ gxf6 25. Be4 Nd5 26. Bh6 Kh7 27. Bg5 fxg5 28. Qxf7+ Kh8 29. Rxd5 1-0

[Event "EU-chT (Men)"]
[Site "Pula"]
[Date "1997.??.??"]
[Round "4"]
[White "Godena, Michele"]
[Black "Kortschnoj, Viktor"]
[Result "1/2-1/2"]
[WhiteElo "2545"]
[BlackElo "2635"]
[PlyCount "81"]
[EventDate "1997.05.05"]
[Source "ChessBase"]

1. e4 c6 2. d4 d5 3. Nc3 dxe4 4. Nxe4 Bf5 5. Nc5 Nd7 6. Bd3 Nxc5 7. Bxf5 e6 8. Bh3 Nd7 9. Nf3 Bd6 10. g3 Ngf6 11. Qe2 O-O 12. O-O Qc7 13. Re1 c5 14. dxc5 Nxc5 15. Be3 Rac8 16. Rad1 Rfe8 17. c3 a6 18. Rd4 b5 19. Red1 Rcd8 20. Bg5 Be7 21. Rxd8 Rxd8 22. Rxd8+ Qxd8 23. Ne5 Qc7 24. Bg2 h6 25. Bc1 Bd6 26. Nd3 Ncd7 27. Bd2 Nb6 28. a3 Qc4 29. Nc1 Nfd5 30. Bf1 Qa4 31. Nd3 Qb3 32. Bc1 a5 33. Nf4 Bxf4 34. gxf4 Nc4 35. f5 e5 36. Qd3 Nf4 37. Bxf4 exf4 38. f6 Nxb2 39. Qd8+ Kh7 40. fxg7 Kxg7 41. Qd4+ 1/2-1/2

[Event "Open Aeroflot"]
[Site "Mosca RUS"]
[Date "2007.02.18"]
[Round "5"]
[White "Efimenko, Z."]
[Black "Iordachescu, V."]
[Result "1/2-1/2"]
[WhiteElo "2616"]
[BlackElo "2563"]
[PlyCount "43"]
[EventDate "2007.02.14"]
[Source "www.chesslib.no"]
[SourceDate "2004.05.04"]

1. e4 c6 2. d4 d5 3. Nc3 dxe4 4. Nxe4 Bf5 5. Ng3 Bg6 6. Bc4 e6 7. N1e2 Bd6 8. Nf4 Nf6 9. c3 Nbd7 10. Qf3 Bxf4 11. Bxf4 Nd5 12. Bd2 O-O 13. O-O b5 14. Bb3 a5 15. Rae1 a4 16. Bd1 N7f6 17. Bg5 Qc7 18. Ne2 Be4 19. Qh3 Bf5 20. Qf3 Be4 21. Qh3 Bf5 22. Qf3 1/2-1/2

[Event "4th Open A"]
[Site "Moscow RUS"]
[Date "2008.02.04"]
[Round "3"]
[White "Andriasian, Z."]
[Black "Jobava, Ba"]
[Result "1/2-1/2"]
[WhiteElo "2532"]
[BlackElo "2643"]
[PlyCount "83"]
[EventDate "2008.02.02"]
[Source "www.chesslib.no"]
[SourceDate "2004.05.04"]

1. e4 c6 2. d4 d5 3. Nc3 dxe4 4. Nxe4 Bf5 5. Ng3 Bg6 6. Bc4 e6 7. N1e2 Nf6 8. h4 Nh5 9. Nf4 Nxf4 10. Bxf4 Bd6 11. Bxd6 Qxd6 12. Qd2 h6 13. O-O-O Nd7 14. Qa5 O-O 15. h5 Bh7 16. Kb1 Nf6 17. Qe5 Qxe5 18. dxe5 Ng4 19. Rde1 Rad8 20. Re2 Rd4 21. Bb3 c5 22. f3 c4 23. Ba4 Rb8 24. fxg4 Rxg4 25. Re3 b5 26. Bxb5 Rxb5 27. Rd1 g5 28. b3 Rc5 29. Rd2 a5 30. Kc1 c3 31. Rde2 Kg7 32. a3 Rd4 33. Ne4 Rxe5 34. Nxc3 Rxe3 35. Rxe3 Rg4 36. Re2 e5 37. Kb2 Kf6 38. Nd5+ Ke6 39. Nc7+ Kd6 40. Ne8+ Ke6 41. Nc7+ Kd6 42. Ne8+ 1/2-1/2

[Event "Kusadasi TUR"]
[Site "?"]
[Date "2006.04.12"]
[Round "8"]
[White "Palac Mladen"]
[Black "Jobava Baadur"]
[Result "1-0"]
[WhiteElo "2561"]
[BlackElo "2614"]
[PlyCount "81"]
[EventDate "2006.??.??"]
[Source "www.chesslib.no"]
[SourceDate "2004.05.04"]

1. e4 c6 2. d4 d5 3. Nc3 dxe4 4. Nxe4 Bf5 5. Ng3 Bg6 6. N1e2 Nf6 7. Nf4 e5 8. dxe5 Qa5+ 9. c3 Qxe5+ 10. Be2 Nbd7 11. O-O O-O-O 12. Qa4 Bc5 13. Nd3 Bxd3 14. Bxd3 Nb6 15. Qc2 Nbd5 16. Bd2 h5 17. b4 Bb6 18. Rfe1 Qd6 19. Rad1 h4 20. Ne4 Nxe4 21. Bxe4 Bc7 22. g3 hxg3 23. hxg3 Kb8 24. c4 Nf6 25. Bg2 Rhe8 26. Bc3 Rxe1+ 27. Rxe1 a6 28. a4 a5 29. b5 Ng4 30. Qf5 Qd3 31. Qxg4 Qxc3 32. Rb1 Qc2 33. Be4 Qxc4 34. bxc6 b6 35. Qf3 g6 36. Qe3 Rd4 37. Bf3 Qxa4 38. Qe8+ Rd8 39. Qe2 Rd6 40. Qe8+ Ka7 41. Qxf7 1-0